logo

Bir Sreshtho Munshi Abdur Rouf Library
Jhenaidah Cadet College

গল্পে গল্পে জীববিজ্ঞান / (Record no. 12862)

MARC details
000 -LEADER
fixed length control field 00960nam a2200241 a 4500
001 - CONTROL NUMBER
JCCL Control Number 12862
003 - CONTROL NUMBER IDENTIFIER
JCCL marc code BD-JhCC
005 - DATE AND TIME OF LATEST TRANSACTION
control field 20230521115457.0
008 - FIXED-LENGTH DATA ELEMENTS--GENERAL INFORMATION
fixed length control field 230521s2023 b a|||| |||| 000 0 be d
020 ## - INTERNATIONAL STANDARD BOOK NUMBER
International Standard Book Number 9789849634089
035 ## - SYSTEM CONTROL NUMBER
system control number (BD-JhCC)12862
040 ## - CATALOGING SOURCE
Original cataloging agency BD-JhCC
Modifying agency BD-JhCC
041 ## - LANGUAGE CODE
Language code of Book ben
082 ## - DEWEY DECIMAL CLASSIFICATION NUMBER
Classification number 574
Author mark and Year WES 2023
100 ## - MAIN ENTRY--PERSONAL NAME
Personal name ওয়েসনার, ডেভ
245 ## - TITLE STATEMENT
Title গল্পে গল্পে জীববিজ্ঞান /
Statement of responsibility, etc ডেভ ওয়েসনার, ল্যারি গণিক এবং সৌমিত্র চক্রবর্তী
260 ## - PUBLICATION, DISTRIBUTION, ETC. (IMPRINT)
Place of publication, distribution, etc ঢাকা :
Name of publisher, distributor, etc অনুপম প্রকাশনী,
Date of publication, distribution, etc ২০২৩
300 ## - PHYSICAL DESCRIPTION
Pagination খন্ড ১-৩
Other physical details চিত্রাবলী অর্ন্তভূক্ত,
Dimensions ২২ সেমি.
650 ## - SUBJECT ADDED ENTRY--TOPICAL TERM
Topical term or geographic name as entry element Biology
700 ## - ADDED ENTRY--PERSONAL NAME
Personal name গণিক, ল্যারি
700 ## - ADDED ENTRY--PERSONAL NAME
Personal name চক্রবর্তী, সৌমিত্র
942 ## - ADDED ENTRY ELEMENTS (KOHA)
Source of classification or shelving scheme Dewey Decimal Classification
Koha item type Books
Holdings
Source of classification or shelving scheme volume number Damaged status Not for loan Home library Current library Shelving location Date of accession Cost, normal purchase price Full call number Barcode Date last seen Copy number Method of acquisition Koha item type Currency Total Checkouts
Dewey Decimal Classification V-1     JCC Rouf Library JCC Rouf Library General Stacks 05/21/2023 350.00 574 WES 2023 17786 05/21/2023 C-1 Purchase Books BDT  
Dewey Decimal Classification V-2     JCC Rouf Library JCC Rouf Library General Stacks 05/21/202 300.00 574 WES 2023 17788 05/21/2023 C-1 Purchase Books BDT  
Dewey Decimal Classification V-2     JCC Rouf Library JCC Rouf Library General Stacks 05/21/202 300.00 574 WES 2023 17787 05/21/2023 C-2 Purchase Books BDT  
Dewey Decimal Classification V-3     JCC Rouf Library JCC Rouf Library General Stacks 05/21/202 300.00 574 WES 2023 17790 05/21/2023 C-1 Purchase Books BDT  
Dewey Decimal Classification V-3     JCC Rouf Library JCC Rouf Library General Stacks 05/21/202 300.00 574 WES 2023 17789 05/21/2023 C-2 Purchase Books BDT  

JCC Library | Contacts | JCC Home

Last Update on 23 September 2017
Copyright @ 2017-2020 JCC Rouf Library
Rouf Library, Jhenidah Cadet College (JCC), Bangladesh